Sanat - "Sinä lähdet, minä jään" - Behm - Statistics

Yleistilastot
  • Tätä visaa on pelattu 11 kertaa
  • Keskiarvotulos 75 / 118
Vastaustilastot
Vastaus % Oikein
ja
91%
jää
91%
jään
91%
lähde
91%
lähdet
91%
minä
91%
sinä
91%
ku
82%
älä
73%
alla
73%
alle
73%
Istut
73%
kuun
73%
se
73%
vielä
73%
viereen
73%
et
64%
istun
64%
nää
64%
sanot
64%
täällä
64%
ei
55%
jos
55%
katso
55%
korento
55%
korentoja
55%
koskaan
55%
lentävän
55%
muisto
55%
on
55%
päätykään
55%
päivä
55%
pilviin
55%
silmiin
55%
vaan
55%
Vaan
55%
aamun
45%
auringon
45%
Aurinko
45%
että
45%
hämärään
45%
häviää
45%
huomiselle
45%
hyvästelläkseen
45%
ilman
45%
karkaat
45%
kuin
45%
lähdekään
45%
laskee
45%
laskeutuu
45%
meistä
45%
meitä
45%
Mitä
45%
mukaasi
45%
näin
45%
pääsekään
45%
päästä
45%
pelkään
45%
pelkäät
45%
sua
45%
suutelee
45%
tieltä
45%
toisen
45%
toista
45%
vain
45%
valoton
45%
viereltäni
45%
aikaa
36%
hahmottuu
36%
kuinka
36%
määrätään
36%
mitään
36%
olalleni
36%
sylistään
36%
ymmärtää
36%
kunnes
27%
nekin
27%
raahautuu
27%
voisin
27%
Ehtoja vastaavia visoja ei löytynyt
Tulosjakauma
Jokaisen tuloksen saaneiden osuus
Persentiili vastausten määrän mukaan
Tuloshistoriasi
Et ole pelannut tätä visaa